[Event "Baku Chess Olympiad | Open"]
[Site "chess24.com"]
[Date "2016.09.12"]
[Round "10"]
[White "Sadikin The, Irwanto"]
[Black "Talbi, Chafik"]
[Result "1/2-1/2"]
[Board "4"]
[WhiteID "7100590"]
[WhiteElo "2327"]
[WhiteTitle "IM"]
[WhiteCountry "INA"]
[WhiteFideId "7100590"]
[WhiteEloChange "-4"]
[BlackID "7903715"]
[BlackElo "2184"]
[BlackCountry "ALG"]
[BlackFideId "7903715"]
[BlackEloChange "4"]

1. d4 {[%clk 1:30:44]} Nf6 {[%clk 1:30:49]} 2. Nf3 {[%clk 1:31:07]} e6 {[%clk
1:31:15]} 3. c4 {[%clk 1:31:23]} d5 {[%clk 1:31:40]} 4. Nc3 {[%clk 1:31:39]} dxc4
{[%clk 1:31:56]} 5. e3 {[%clk 1:28:29]} a6 {[%clk 1:32:12]} 6. a4 {[%clk
1:23:40]} c5 {[%clk 1:32:18]} 7. Bxc4 {[%clk 1:24:02]} Nc6 {[%clk 1:32:44]} 8.
O-O {[%clk 1:24:16]} Be7 {[%clk 1:32:52]} 9. Qe2 {[%clk 1:20:11]} cxd4 {[%clk
1:33:07]} 10. Rd1 {[%clk 1:18:46]} e5 {[%clk 1:33:28]} 11. exd4 {[%clk 1:18:44]}
exd4 {[%clk 1:33:31]} 12. Nxd4 {[%clk 1:18:45]} Nxd4 {[%clk 1:33:55]} 13. Qe5
{[%clk 1:15:09]} Qd6 {[%clk 1:34:11]} 14. Qxd6 {[%clk 1:15:11]} Bxd6 {[%clk
1:34:37]} 15. Rxd4 {[%clk 1:15:33]} Bc5 {[%clk 1:35:06]} 16. Rd1 {[%clk 1:15:39]}
O-O {[%clk 1:35:18]} 17. Bg5 {[%clk 1:15:40]} Be7 {[%clk 1:18:38]} 18. Re1 {[%clk
1:03:12]} Bd8 {[%clk 1:15:30]} 19. Rad1 {[%clk 0:57:21]} Bf5 {[%clk 1:11:26]} 20.
Bxf6 {[%clk 0:51:56]} Bxf6 {[%clk 0:50:51]} 21. Nd5 {[%clk 0:52:10]} Rfd8 {[%clk
0:45:17]} 22. Nxf6+ {[%clk 0:48:00]} gxf6 {[%clk 0:43:32]} 23. f3 {[%clk
0:44:24]} Kf8 {[%clk 0:39:20]} 24. b3 {[%clk 0:34:13]} a5 {[%clk 0:14:18]} 25.
Rd5 {[%clk 0:13:36]} Rxd5 {[%clk 0:09:11]} 26. Bxd5 {[%clk 0:13:52]} Rd8 {[%clk
0:09:16]} 27. Bxb7 {[%clk 0:08:05]} Be6 {[%clk 0:09:22]} 28. Rc1 {[%clk 0:08:02]}
Bxb3 {[%clk 0:07:53]} 29. Rc5 {[%clk 0:08:13]} Bxa4 {[%clk 0:07:32]} 30. Rxa5
{[%clk 0:08:33]} Bb3 {[%clk 0:07:26]} 31. Be4 {[%clk 0:08:31]} Kg7 {[%clk
0:07:22]} 32. g4 {[%clk 0:03:15]} Rd2 {[%clk 0:06:47]} 33. h4 {[%clk 0:03:33]} h6
{[%clk 0:07:02]} 34. Rc5 {[%clk 0:03:39]} Be6 {[%clk 0:07:06]} 35. Rc2 {[%clk
0:03:05]} Rxc2 {[%clk 0:04:12]} 36. Bxc2 {[%clk 0:03:24]} f5 {[%clk 0:02:44]} 37.
gxf5 {[%clk 0:02:52]} Bd7 {[%clk 0:03:00]} 38. Kf2 {[%clk 0:02:47]} Kf6 {[%clk
0:03:14]} 39. Ke3 {[%clk 0:02:50]} Bxf5 {[%clk 0:03:22]} 40. Bb3 {[%clk 0:33:04]}
Bd7 {[%clk 0:32:10]} 41. Kf4 {[%clk 0:33:27]} Bc6 {[%clk 0:32:07]} 42. Bc2 {[%clk
0:33:27]} Bd7 {[%clk 0:32:19]} 43. Bb3 {[%clk 0:33:15]} Bc6 {[%clk 0:32:42]} 44.
Bc2 {[%clk 0:33:19]} Bd7 {[%clk 0:33:03]} 45. Be4 {[%clk 0:33:39]} Be6 {[%clk
0:33:21]} 46. Bd3 {[%clk 0:30:40]} Bd7 {[%clk 0:33:13]} 1/2-1/2

[Event "Baku Chess Olympiad | Open"]
[Site "chess24.com"]
[Date "2016.09.12"]
[Round "10"]
[White "Gemy, Jose Daniel"]
[Black "Ziska, Helgi Dam"]
[Result "0-1"]
[Board "1"]
[WhiteID "3301478"]
[WhiteElo "2384"]
[WhiteTitle "IM"]
[WhiteCountry "BOL"]
[WhiteFideId "3301478"]
[WhiteEloChange "-6"]
[BlackID "7200595"]
[BlackElo "2546"]
[BlackTitle "IM"]
[BlackCountry "FAI"]
[BlackFideId "7200595"]
[BlackEloChange "3"]

1. Nf3 {[%clk 1:30:56]} Nf6 {[%clk 1:30:41]} 2. g3 {[%clk 1:30:55]} g6 {[%clk
1:30:43]} 3. Bg2 {[%clk 1:31:17]} Bg7 {[%clk 1:31:01]} 4. O-O {[%clk 1:31:38]}
O-O {[%clk 1:31:25]} 5. d4 {[%clk 1:31:52]} d6 {[%clk 1:31:34]} 6. Nc3 {[%clk
1:31:29]} c6 {[%clk 1:30:52]} 7. a4 {[%clk 1:31:30]} Qc7 {[%clk 1:30:21]} 8. h3
{[%clk 1:31:30]} e5 {[%clk 1:29:59]} 9. e4 {[%clk 1:31:38]} Nbd7 {[%clk 1:29:18]}
10. a5 {[%clk 1:31:20]} Re8 {[%clk 1:10:17]} 11. Re1 {[%clk 1:25:09]} Rb8 {[%clk
1:10:11]} 12. d5 {[%clk 1:20:41]} b5 {[%clk 1:09:38]} 13. axb6 {[%clk 1:19:25]}
axb6 {[%clk 1:10:00]} 14. dxc6 {[%clk 0:57:43]} Qxc6 {[%clk 1:10:16]} 15. Nd2
{[%clk 0:57:44]} b5 {[%clk 0:52:11]} 16. Nb3 {[%clk 0:57:09]} Nc5 {[%clk
0:35:25]} 17. Na5 {[%clk 0:55:59]} Qc7 {[%clk 0:35:50]} 18. Nd5 {[%clk 0:47:20]}
Nxd5 {[%clk 0:35:24]} 19. exd5 {[%clk 0:47:48]} Bd7 {[%clk 0:32:42]} 20. b4
{[%clk 0:45:45]} Na4 {[%clk 0:30:31]} 21. c4 {[%clk 0:43:46]} e4 {[%clk 0:28:47]}
22. Ra3 {[%clk 0:41:48]} Nc3 {[%clk 0:28:08]} 23. Qb3 {[%clk 0:40:11]} Rbc8
{[%clk 0:24:16]} 24. c5 {[%clk 0:33:32]} dxc5 {[%clk 0:24:34]} 25. Bf4 {[%clk
0:33:57]} Qb6 {[%clk 0:24:28]} 26. bxc5 {[%clk 0:30:35]} Rxc5 {[%clk 0:20:31]}
27. Be3 {[%clk 0:30:46]} Qc7 {[%clk 0:20:42]} 28. Bxc5 {[%clk 0:23:42]} Qxc5
{[%clk 0:21:11]} 29. Nc6 {[%clk 0:23:48]} Nxd5 {[%clk 0:17:11]} 30. Rxe4 {[%clk
0:20:39]} Rxe4 {[%clk 0:17:24]} 31. Ra8+ {[%clk 0:18:05]} Re8 {[%clk 0:13:41]}
32. Rxe8+ {[%clk 0:14:12]} Bxe8 {[%clk 0:14:10]} 33. Qxd5 {[%clk 0:14:30]} Bf8
{[%clk 0:12:20]} 34. Qe4 {[%clk 0:03:14]} Bd7 {[%clk 0:12:14]} 35. h4 {[%clk
0:03:17]} b4 {[%clk 0:11:13]} 36. Nd4 {[%clk 0:02:24]} h5 {[%clk 0:09:25]} 37.
Qd5 {[%clk 0:02:03]} Ba4 {[%clk 0:04:16]} 38. Be4 {[%clk 0:02:00]} Kg7 {[%clk
0:03:32]} 39. Kg2 {[%clk 0:00:52]} Be7 {[%clk 0:02:15]} 40. f3 {[%clk 0:30:33]}
Qb6 {[%clk 0:30:38]} 41. Qa8 {[%clk 0:23:42]} Qxd4 {[%clk 0:17:05]} 42. Qxa4
{[%clk 0:24:05]} Qd2+ {[%clk 0:17:06]} 43. Kf1 {[%clk 0:16:18]} Bc5 {[%clk
0:17:03]} 44. Qc2 {[%clk 0:16:35]} Qe3 {[%clk 0:17:13]} 45. Qg2 {[%clk 0:03:15]}
f5 {[%clk 0:15:43]} 0-1

[Event "Baku Chess Olympiad | Open"]
[Site "chess24.com"]
[Date "2016.09.12"]
[Round "10"]
[White "Rodgaard, John"]
[Black "Aguilar, Luis Miguel"]
[Result "1/2-1/2"]
[Board "2"]
[WhiteID "7200013"]
[WhiteElo "2345"]
[WhiteTitle "IM"]
[WhiteCountry "FAI"]
[WhiteFideId "7200013"]
[WhiteEloChange "-1"]
[BlackID "3303187"]
[BlackElo "2301"]
[BlackTitle "CM"]
[BlackCountry "BOL"]
[BlackFideId "3303187"]
[BlackEloChange "1"]

1. Nf3 {[%clk 1:30:52]} g6 {[%clk 1:30:56]} 2. c4 {[%clk 1:30:39]} Bg7 {[%clk
1:31:21]} 3. d4 {[%clk 1:30:14]} c5 {[%clk 1:31:42]} 4. e4 {[%clk 1:29:31]} cxd4
{[%clk 1:32:01]} 5. Nxd4 {[%clk 1:29:50]} Nc6 {[%clk 1:32:25]} 6. Be3 {[%clk
1:27:47]} Nf6 {[%clk 1:32:16]} 7. Nc3 {[%clk 1:28:01]} Ng4 {[%clk 1:32:20]} 8.
Qxg4 {[%clk 1:27:56]} Nxd4 {[%clk 1:32:42]} 9. Qd1 {[%clk 1:27:44]} Ne6 {[%clk
1:32:45]} 10. Qd2 {[%clk 1:25:25]} Qa5 {[%clk 1:31:28]} 11. Rc1 {[%clk 1:24:35]}
d6 {[%clk 1:30:09]} 12. Be2 {[%clk 1:21:46]} b6 {[%clk 1:29:33]} 13. b3 {[%clk
1:16:28]} Bb7 {[%clk 1:27:23]} 14. f3 {[%clk 1:15:11]} g5 {[%clk 1:20:33]} 15. h4
{[%clk 0:53:43]} Nf4 {[%clk 0:48:57]} 16. Bf1 {[%clk 0:51:08]} h6 {[%clk
0:46:33]} 17. Nd5 {[%clk 0:39:47]} Qxd2+ {[%clk 0:46:21]} 18. Kxd2 {[%clk
0:39:57]} Ne6 {[%clk 0:45:50]} 19. hxg5 {[%clk 0:36:42]} hxg5 {[%clk 0:46:09]}
20. Rxh8+ {[%clk 0:37:04]} Bxh8 {[%clk 0:46:32]} 21. Bd3 {[%clk 0:35:06]} Be5
{[%clk 0:37:24]} 22. Rh1 {[%clk 0:33:11]} Kd7 {[%clk 0:28:54]} 23. Bxb6 {[%clk
0:20:41]} Bxd5 {[%clk 0:27:56]} 24. cxd5 {[%clk 0:20:14]} axb6 {[%clk 0:27:32]}
25. dxe6+ {[%clk 0:20:23]} Kxe6 {[%clk 0:23:22]} 26. Rh6+ {[%clk 0:17:24]} Kd7
{[%clk 0:22:45]} 27. Bb5+ {[%clk 0:17:26]} Kd8 {[%clk 0:19:27]} 28. a4 {[%clk
0:17:08]} e6 {[%clk 0:19:40]} 29. Kd3 {[%clk 0:15:20]} Ke7 {[%clk 0:18:09]} 30.
b4 {[%clk 0:13:18]} Rc8 {[%clk 0:17:53]} 31. Bc4 {[%clk 0:13:12]} Ra8 {[%clk
0:18:15]} 32. Bb5 {[%clk 0:11:47]} Rc8 {[%clk 0:18:38]} 1/2-1/2

[Event "Baku Chess Olympiad | Open"]
[Site "chess24.com"]
[Date "2016.09.12"]
[Round "10"]
[White "Delgadillo, Adonay"]
[Black "Thorsteinsson, Sjurdur"]
[Result "1-0"]
[Board "3"]
[WhiteID "3301915"]
[WhiteElo "2232"]
[WhiteCountry "BOL"]
[WhiteFideId "3301915"]
[WhiteEloChange "9"]
[BlackID "7200641"]
[BlackElo "2187"]
[BlackCountry "FAI"]
[BlackFideId "7200641"]
[BlackEloChange "-9"]

1. e4 {[%clk 1:30:57]} c5 {[%clk 1:30:44]} 2. Nf3 {[%clk 1:31:24]} d6 {[%clk
1:30:59]} 3. d4 {[%clk 1:31:45]} cxd4 {[%clk 1:31:24]} 4. Nxd4 {[%clk 1:32:12]}
Nf6 {[%clk 1:31:44]} 5. Nc3 {[%clk 1:32:39]} a6 {[%clk 1:31:50]} 6. Bg5 {[%clk
1:33:04]} e6 {[%clk 1:32:00]} 7. f4 {[%clk 1:33:30]} Qc7 {[%clk 1:31:58]} 8. Qe2
{[%clk 1:33:49]} Nc6 {[%clk 1:18:21]} 9. O-O-O {[%clk 1:26:36]} Be7 {[%clk
1:17:51]} 10. Nf3 {[%clk 1:17:12]} O-O {[%clk 1:07:03]} 11. e5 {[%clk 0:46:45]}
dxe5 {[%clk 1:00:47]} 12. fxe5 {[%clk 0:47:00]} Nd7 {[%clk 0:59:43]} 13. Qe4
{[%clk 0:33:53]} Nc5 {[%clk 0:50:38]} 14. Qe3 {[%clk 0:33:53]} b6 {[%clk
0:41:11]} 15. Bd3 {[%clk 0:18:43]} Nxd3+ {[%clk 0:37:07]} 16. Rxd3 {[%clk
0:18:45]} Bb7 {[%clk 0:33:40]} 17. Rhd1 {[%clk 0:18:43]} Rad8 {[%clk 0:32:38]}
18. a3 {[%clk 0:18:56]} Rxd3 {[%clk 0:32:26]} 19. Rxd3 {[%clk 0:19:21]} Rd8
{[%clk 0:31:03]} 20. Rxd8+ {[%clk 0:16:38]} Qxd8 {[%clk 0:27:41]} 21. Ne4 {[%clk
0:14:17]} Bxg5 {[%clk 0:25:59]} 22. Nexg5 {[%clk 0:14:43]} h6 {[%clk 0:18:18]}
23. Ne4 {[%clk 0:15:10]} Qc7 {[%clk 0:17:37]} 24. Nd6 {[%clk 0:12:34]} Ne7 {[%clk
0:16:55]} 25. Nxb7 {[%clk 0:12:16]} Qxb7 {[%clk 0:17:20]} 26. Qd4 {[%clk
0:11:29]} Ng6 {[%clk 0:15:21]} 27. c4 {[%clk 0:10:30]} Ne7 {[%clk 0:14:57]} 28.
b4 {[%clk 0:07:38]} Qc7 {[%clk 0:14:36]} 29. Kb2 {[%clk 0:07:54]} Nf5 {[%clk
0:13:50]} 30. Qd3 {[%clk 0:08:07]} h5 {[%clk 0:13:15]} 31. Kb3 {[%clk 0:07:58]}
f6 {[%clk 0:09:54]} 32. Qe4 {[%clk 0:05:54]} Kf7 {[%clk 0:10:03]} 33. h3 {[%clk
0:04:47]} Qd7 {[%clk 0:08:00]} 34. Kc2 {[%clk 0:04:41]} Qa4+ {[%clk 0:02:00]} 35.
Kb2 {[%clk 0:05:08]} Qd7 {[%clk 0:02:04]} 36. g4 {[%clk 0:04:24]} hxg4 {[%clk
0:02:16]} 37. hxg4 {[%clk 0:04:49]} Ne7 {[%clk 0:01:46]} 38. exf6 {[%clk
0:03:16]} gxf6 {[%clk 0:01:34]} 39. g5 {[%clk 0:03:45]} Ng6 {[%clk 0:01:32]} 40.
gxf6 {[%clk 0:33:40]} Qd6 {[%clk 0:31:14]} 41. Qb7+ {[%clk 0:29:32]} Kxf6 {[%clk
0:31:03]} 42. Qxa6 {[%clk 0:27:25]} Qd3 {[%clk 0:29:38]} 43. Qa8 {[%clk 0:21:19]}
Qxc4 {[%clk 0:18:03]} 44. Qd8+ {[%clk 0:21:46]} Kf7 {[%clk 0:16:07]} 45. Ng5+
{[%clk 0:21:40]} Kg7 {[%clk 0:16:14]} 46. Qd7+ {[%clk 0:16:51]} Kh6 {[%clk
0:13:10]} 47. Nxe6 {[%clk 0:17:08]} Qe2+ {[%clk 0:12:33]} 48. Kb3 {[%clk
0:17:27]} Qe5 {[%clk 0:11:53]} 49. Qd2+ {[%clk 0:16:39]} Kh7 {[%clk 0:09:49]} 50.
Ng5+ {[%clk 0:16:00]} Kg8 {[%clk 0:07:52]} 51. Qd8+ {[%clk 0:14:28]} Nf8 {[%clk
0:07:16]} 52. Ka4 {[%clk 0:14:55]} Qf5 {[%clk 0:06:40]} 53. Qe7 {[%clk 0:13:21]}
Qd5 {[%clk 0:06:18]} 54. Ne4 {[%clk 0:11:57]} Qc6+ {[%clk 0:05:31]} 55. Kb3
{[%clk 0:12:16]} Nh7 {[%clk 0:05:08]} 56. Qd8+ {[%clk 0:10:59]} Kf7 {[%clk
0:04:08]} 57. Nd6+ {[%clk 0:10:06]} Ke6 {[%clk 0:03:55]} 58. Nc8 {[%clk 0:06:06]}
Qf3+ {[%clk 0:03:53]} 59. Kc4 {[%clk 0:04:31]} Qe2+ {[%clk 0:01:30]} 60. Qd3
{[%clk 0:04:42]} b5+ {[%clk 0:01:37]} 61. Kc3 {[%clk 0:04:23]} Qe5+ {[%clk
0:01:43]} 62. Kb3 {[%clk 0:04:35]} Nf6 {[%clk 0:01:32]} 63. Na7 {[%clk 0:04:26]}
Nd5 {[%clk 0:01:04]} 64. Nxb5 {[%clk 0:04:32]} Nf4 {[%clk 0:00:48]} 65. Qc4+
{[%clk 0:04:33]} Kf5 {[%clk 0:00:52]} 66. Nc3 {[%clk 0:04:08]} Kf6 {[%clk
0:00:56]} 67. Qxf4+ {[%clk 0:04:30]} 1-0

[Event "Baku Chess Olympiad | Open"]
[Site "chess24.com"]
[Date "2016.09.12"]
[Round "10"]
[White "Vang, Finnbjorn"]
[Black "Parraga, Alejandro"]
[Result "0-1"]
[Board "4"]
[WhiteID "7200463"]
[WhiteElo "2067"]
[WhiteCountry "FAI"]
[WhiteFideId "7200463"]
[WhiteEloChange "-7"]
[BlackID "3300617"]
[BlackElo "2173"]
[BlackCountry "BOL"]
[BlackFideId "3300617"]
[BlackEloChange "7"]

1. e4 {[%clk 1:30:56]} e6 {[%clk 1:30:46]} 2. d4 {[%clk 1:31:15]} d5 {[%clk
1:31:10]} 3. Nd2 {[%clk 1:30:45]} Nc6 {[%clk 1:30:35]} 4. Ngf3 {[%clk 1:30:51]}
Nf6 {[%clk 1:30:38]} 5. e5 {[%clk 1:28:12]} Nd7 {[%clk 1:30:52]} 6. c3 {[%clk
1:26:56]} f6 {[%clk 1:28:40]} 7. exf6 {[%clk 1:16:42]} Qxf6 {[%clk 1:28:46]} 8.
Be2 {[%clk 1:16:41]} Bd6 {[%clk 1:25:03]} 9. Nf1 {[%clk 1:16:11]} O-O {[%clk
1:22:59]} 10. Ng3 {[%clk 1:14:37]} Nb6 {[%clk 1:17:04]} 11. Be3 {[%clk 1:07:33]}
Bd7 {[%clk 1:07:29]} 12. Nh5 {[%clk 0:58:37]} Qe7 {[%clk 0:58:43]} 13. Qd3 {[%clk
0:37:35]} Be8 {[%clk 0:48:21]} 14. Ng3 {[%clk 0:27:56]} Nc4 {[%clk 0:39:55]} 15.
Bg5 {[%clk 0:21:15]} Qd7 {[%clk 0:37:53]} 16. b3 {[%clk 0:20:37]} Bg6 {[%clk
0:35:56]} 17. Qd1 {[%clk 0:20:58]} Nb6 {[%clk 0:32:56]} 18. O-O {[%clk 0:19:25]}
h6 {[%clk 0:30:58]} 19. Be3 {[%clk 0:18:40]} Rad8 {[%clk 0:26:48]} 20. a4 {[%clk
0:18:15]} a5 {[%clk 0:23:45]} 21. Bb5 {[%clk 0:17:44]} Qe7 {[%clk 0:19:05]} 22.
Qd2 {[%clk 0:17:41]} Na7 {[%clk 0:17:35]} 23. Bd3 {[%clk 0:15:14]} Bxd3 {[%clk
0:16:44]} 24. Qxd3 {[%clk 0:15:42]} Nc6 {[%clk 0:16:11]} 25. Rfe1 {[%clk
0:14:11]} Qf6 {[%clk 0:14:36]} 26. Rad1 {[%clk 0:13:12]} Kh8 {[%clk 0:13:06]} 27.
Re2 {[%clk 0:12:04]} Rde8 {[%clk 0:09:13]} 28. Rde1 {[%clk 0:11:45]} Nd7 {[%clk
0:07:44]} 29. Qb5 {[%clk 0:10:52]} Nb6 {[%clk 0:06:20]} 30. Qd3 {[%clk 0:10:05]}
Nc8 {[%clk 0:04:26]} 31. Qc2 {[%clk 0:09:42]} b6 {[%clk 0:03:08]} 32. Bc1 {[%clk
0:06:35]} Kg8 {[%clk 0:02:30]} 33. Qd3 {[%clk 0:06:57]} Bxg3 {[%clk 0:01:00]} 34.
hxg3 {[%clk 0:07:24]} Qf7 {[%clk 0:00:55]} 35. Nh4 {[%clk 0:07:19]} Qd7 {[%clk
0:00:53]} 36. Qg6 {[%clk 0:07:25]} Rf6 {[%clk 0:00:51]} 37. Qg4 {[%clk 0:07:17]}
Nd6 {[%clk 0:00:51]} 38. Ng6 {[%clk 0:02:58]} Kh7 {[%clk 0:00:35]} 39. Nf4 {[%clk
0:02:14]} Ne4 {[%clk 0:00:37]} 40. f3 {[%clk 0:32:14]} Nxc3 {[%clk 0:30:36]} 41.
Rc2 {[%clk 0:29:31]} Nxa4 {[%clk 0:22:03]} 42. bxa4 {[%clk 0:24:14]} Nxd4 {[%clk
0:18:31]} 43. Ra2 {[%clk 0:21:53]} Nb3 {[%clk 0:14:19]} 44. Bb2 {[%clk 0:12:44]}
d4 {[%clk 0:13:16]} 45. Ra3 {[%clk 0:09:44]} Nc5 {[%clk 0:07:24]} 46. Nh5 {[%clk
0:09:50]} Rf5 {[%clk 0:06:20]} 47. Rd1 {[%clk 0:03:40]} Qf7 {[%clk 0:05:53]} 48.
Nf4 {[%clk 0:03:41]} Rg5 {[%clk 0:05:18]} 49. Qh4 {[%clk 0:03:12]} e5 {[%clk
0:05:07]} 50. Nh3 {[%clk 0:02:18]} Rg6 {[%clk 0:04:40]} 51. f4 {[%clk 0:02:21]}
Ne4 {[%clk 0:03:10]} 52. Rf3 {[%clk 0:02:16]} Qa2 {[%clk 0:01:37]} 53. fxe5
{[%clk 0:02:30]} Nxg3 {[%clk 0:00:58]} 54. Rxg3 {[%clk 0:00:47]} Rxg3 {[%clk
0:00:55]} 55. Qxg3 {[%clk 0:01:14]} Qxb2 {[%clk 0:01:16]} 56. Qd3+ {[%clk
0:01:23]} Kg8 {[%clk 0:01:24]} 57. Qg6 {[%clk 0:00:40]} Rxe5 {[%clk 0:01:05]} 58.
Rf1 {[%clk 0:00:58]} Qb3 {[%clk 0:00:43]} 59. Kh1 {[%clk 0:00:46]} Qe6 {[%clk
0:00:45]} 60. Qd3 {[%clk 0:01:01]} c5 {[%clk 0:00:54]} 61. Nf4 {[%clk 0:01:17]}
Qf5 {[%clk 0:00:44]} 62. Qc4+ {[%clk 0:01:36]} Kh7 {[%clk 0:00:55]} 63. Nh3
{[%clk 0:01:22]} Qg6 {[%clk 0:00:46]} 64. Kh2 {[%clk 0:01:21]} Re3 {[%clk
0:00:55]} 65. Rf8 {[%clk 0:01:29]} Qd6+ {[%clk 0:00:55]} 66. Rf4 {[%clk 0:01:46]}
Rxh3+ {[%clk 0:01:20]} 67. Kxh3 {[%clk 0:01:27]} Qxf4 {[%clk 0:01:44]} 68. Qc2+
{[%clk 0:01:38]} Kh8 {[%clk 0:01:50]} 69. Qb1 {[%clk 0:01:49]} Qf6 {[%clk
0:01:54]} 70. Qb5 {[%clk 0:02:09]} Qg6 {[%clk 0:01:45]} 71. Qd7 {[%clk 0:02:20]}
d3 {[%clk 0:01:53]} 72. g4 {[%clk 0:02:20]} 0-1

[Event "Baku Chess Olympiad | Open"]
[Site "chess24.com"]
[Date "2016.09.12"]
[Round "10"]
[White "Pancevski, Filip"]
[Black "Amin, Bassem"]
[Result "1-0"]
[Board "1"]
[WhiteID "15002187"]
[WhiteElo "2503"]
[WhiteTitle "IM"]
[WhiteCountry "MKD"]
[WhiteFideId "15002187"]
[WhiteEloChange "7"]
[BlackID "10601457"]
[BlackElo "2661"]
[BlackTitle "GM"]
[BlackCountry "EGY"]
[BlackFideId "10601457"]
[BlackEloChange "-7"]

1. e4 {[%clk 1:30:57]} e5 {[%clk 1:29:18]} 2. Nf3 {[%clk 1:31:23]} Nc6 {[%clk
1:29:40]} 3. Bb5 {[%clk 1:31:48]} a6 {[%clk 1:30:04]} 4. Ba4 {[%clk 1:32:13]} Nf6
{[%clk 1:30:28]} 5. O-O {[%clk 1:32:39]} Be7 {[%clk 1:30:46]} 6. d4 {[%clk
1:30:21]} exd4 {[%clk 1:30:12]} 7. e5 {[%clk 1:30:28]} Ne4 {[%clk 1:30:21]} 8.
Nxd4 {[%clk 1:30:30]} Nxd4 {[%clk 1:23:35]} 9. Qxd4 {[%clk 1:30:49]} Nc5 {[%clk
1:23:59]} 10. Nc3 {[%clk 1:30:34]} O-O {[%clk 1:14:15]} 11. Nd5 {[%clk 1:25:41]}
Re8 {[%clk 1:14:16]} 12. Nxe7+ {[%clk 1:15:49]} Qxe7 {[%clk 1:14:27]} 13. Bd2
{[%clk 1:14:31]} b5 {[%clk 1:11:05]} 14. Bb3 {[%clk 1:10:08]} Bb7 {[%clk
1:11:22]} 15. Rfe1 {[%clk 1:08:47]} Ne4 {[%clk 0:53:48]} 16. c3 {[%clk 0:34:12]}
c5 {[%clk 0:35:35]} 17. Qe3 {[%clk 0:34:36]} d6 {[%clk 0:31:16]} 18. exd6 {[%clk
0:32:22]} Qxd6 {[%clk 0:31:38]} 19. Rad1 {[%clk 0:29:55]} Qc6 {[%clk 0:25:06]}
20. f3 {[%clk 0:26:07]} c4 {[%clk 0:25:10]} 21. Bc2 {[%clk 0:22:35]} Nc5 {[%clk
0:25:23]} 22. Qf2 {[%clk 0:22:08]} Nd3 {[%clk 0:25:24]} 23. Bxd3 {[%clk 0:22:16]}
cxd3 {[%clk 0:25:51]} 24. Be3 {[%clk 0:21:24]} Qg6 {[%clk 0:24:12]} 25. Qg3
{[%clk 0:19:41]} Rad8 {[%clk 0:19:35]} 26. Qxg6 {[%clk 0:15:06]} hxg6 {[%clk
0:19:54]} 27. Kf2 {[%clk 0:14:57]} Bd5 {[%clk 0:14:10]} 28. Rxd3 {[%clk 0:12:21]}
Bxa2 {[%clk 0:14:27]} 29. Rxd8 {[%clk 0:12:44]} Rxd8 {[%clk 0:14:55]} 30. Ra1
{[%clk 0:13:08]} Bc4 {[%clk 0:15:21]} 31. Rxa6 {[%clk 0:13:15]} Rd1 {[%clk
0:15:46]} 32. Ra8+ {[%clk 0:10:12]} Kh7 {[%clk 0:16:07]} 33. Ra7 {[%clk 0:03:30]}
Rf1+ {[%clk 0:15:18]} 34. Kg3 {[%clk 0:03:49]} Rb1 {[%clk 0:15:44]} 35. b4 {[%clk
0:04:08]} Rb2 {[%clk 0:16:03]} 36. h4 {[%clk 0:04:22]} Ra2 {[%clk 0:14:33]} 37.
Rd7 {[%clk 0:04:33]} Re2 {[%clk 0:14:32]} 38. Bd4 {[%clk 0:04:18]} Rc2 {[%clk
0:14:37]} 39. Rc7 {[%clk 0:04:41]} Kg8 {[%clk 0:14:37]} 40. Rc8+ {[%clk 0:34:55]}
Kh7 {[%clk 0:45:06]} 41. Kf4 {[%clk 0:17:58]} Rxg2 {[%clk 0:35:15]} 42. Rxc4
{[%clk 0:18:24]} bxc4 {[%clk 0:35:37]} 43. Ke5 {[%clk 0:18:53]} Kg8 {[%clk
0:35:07]} 44. b5 {[%clk 0:15:07]} Kf8 {[%clk 0:17:11]} 45. Kd6 {[%clk 0:15:06]}
Ke8 {[%clk 0:17:04]} 46. b6 {[%clk 0:14:42]} Kd8 {[%clk 0:16:22]} 47. b7 {[%clk
0:14:56]} 1-0

[Event "Baku Chess Olympiad | Open"]
[Site "chess24.com"]
[Date "2016.09.12"]
[Round "10"]
[White "Adly, Ahmed"]
[Black "Colovic, Aleksandar"]
[Result "1/2-1/2"]
[Board "2"]
[WhiteID "10601619"]
[WhiteElo "2603"]
[WhiteTitle "GM"]
[WhiteCountry "EGY"]
[WhiteFideId "10601619"]
[WhiteEloChange "-2"]
[BlackID "15000729"]
[BlackElo "2432"]
[BlackTitle "GM"]
[BlackCountry "MKD"]
[BlackFideId "15000729"]
[BlackEloChange "2"]

1. Nf3 {[%clk 1:30:14]} c5 {[%clk 1:30:44]} 2. g3 {[%clk 1:30:22]} g6 {[%clk
1:30:48]} 3. Bg2 {[%clk 1:30:38]} Bg7 {[%clk 1:31:14]} 4. O-O {[%clk 1:30:54]}
Nc6 {[%clk 1:31:24]} 5. c4 {[%clk 1:31:11]} e6 {[%clk 1:31:02]} 6. Nc3 {[%clk
1:31:29]} Nge7 {[%clk 1:31:27]} 7. e3 {[%clk 1:26:21]} O-O {[%clk 1:30:39]} 8. d4
{[%clk 1:26:48]} cxd4 {[%clk 1:30:41]} 9. Nxd4 {[%clk 1:27:13]} Nxd4 {[%clk
1:25:18]} 10. exd4 {[%clk 1:27:34]} d5 {[%clk 1:25:47]} 11. cxd5 {[%clk 1:27:39]}
Nxd5 {[%clk 1:26:12]} 12. Qb3 {[%clk 1:27:42]} Qb6 {[%clk 1:02:35]} 13. Bxd5
{[%clk 1:20:00]} exd5 {[%clk 1:01:15]} 14. Qxb6 {[%clk 1:20:24]} axb6 {[%clk
1:01:43]} 15. Nxd5 {[%clk 1:20:40]} Bh3 {[%clk 0:48:18]} 16. Rd1 {[%clk 1:20:10]}
Rad8 {[%clk 0:42:39]} 17. Nf4 {[%clk 1:12:59]} Bg4 {[%clk 0:42:39]} 18. Re1
{[%clk 1:13:23]} Bxd4 {[%clk 0:42:29]} 19. Be3 {[%clk 1:12:00]} Bf3 {[%clk
0:35:21]} 20. Ne2 {[%clk 0:58:40]} Bc5 {[%clk 0:26:26]} 21. Nc3 {[%clk 0:50:51]}
Rfe8 {[%clk 0:21:32]} 22. Bg5 {[%clk 0:49:54]} Rxe1+ {[%clk 0:21:37]} 23. Rxe1
{[%clk 0:50:21]} f6 {[%clk 0:22:04]} 24. Be3 {[%clk 0:49:36]} Kf7 {[%clk
0:17:22]} 25. h4 {[%clk 0:45:45]} h5 {[%clk 0:17:38]} 26. a3 {[%clk 0:45:33]} Rd3
{[%clk 0:16:41]} 27. Bxc5 {[%clk 0:41:10]} bxc5 {[%clk 0:17:08]} 28. Re3 {[%clk
0:41:36]} Rxe3 {[%clk 0:17:30]} 29. fxe3 {[%clk 0:42:04]} Ke6 {[%clk 0:17:44]}
30. Kf2 {[%clk 0:41:26]} 1/2-1/2